000 00942nam a22002777a 4500
001 BR9205251
003 BR-BrBNA
005 20230928093647.0
007 ta
008 230509b bl.||||| |||| 00| 0 por d
040 _aBR-BrBNA
_bpor
_cBiblioteca Nacional de Agricultura
041 _a(Por)
072 _aH10
_b4020
090 _ 4020 BR9205251
100 1 _aTeixeira, A.L.
110 1 _aUniversidade Federal de Vicosa, MG (Brasil)
_0Tese (Magister Scientiae)
245 1 _aIdentificacao do feromonio sexual de Spodoptera latifascia (Walker)(Lepidoptera: Noctuidae)
260 3 _aVicosa, MG (Brasil):
_c1991.
300 _a83 p.
500 _a22 illus.; 15 tables; Bibliography p. 60-70 (110 ref.); Summary (Por). (*) Documento disponível na(o) Universidade Federal de Vicosa, MG (Brazil)
650 _aLAGARTA
650 _aFEROMONIO
650 _aCONTROLE BIOLOGICO
909 _a202309
_bLucia
_c55
_dLucia Elande
942 _cBK
999 _c46316
_d46316